Художник и книга. Вып. 3: Александр Алексеев - мастер книги (Запись № 11517831)

Подробности
000 -МАРКЕР
контрольное поле 02819nam2a2200349 4500
001 - ИДЕНТИФИКАТОР ЗАПИСИ
контрольное поле RU\NLR\BIBL_A\011402855
005 - ИДЕНТИФИКАТОР ВЕРСИИ
контрольное поле 20260405152040.0
010 ## - МЕЖДУНАРОДНЫЙ СТАНДАРТНЫЙ НОМЕР КНИГИ (ISBN)
Номер (ISBN) 978-5-9908512-7-6
Тираж 1000
021 ## - НОМЕР ГОСУДАРСТВЕННОЙ РЕГИСТРАЦИИ
Код страны Российская Федерация
Номер 2017-1214и
Номер Листа государственной регистраци 95и
035 ## - ДРУГИЕ СИСТЕМНЫЕ НОМЕРА
Идентификатор записи (RuMoRGB)008896308
035 ## - ДРУГИЕ СИСТЕМНЫЕ НОМЕРА
Идентификатор записи (NLR Aleph) 011402855
100 ## - ДАННЫЕ ОБЩЕЙ ОБРАБОТКИ
Данные общей обработки 20170609d2016 |||y0rusy50 ca
101 0# - ЯЗЫК РЕСУРСА
Язык текста, звукозаписи и т.д. русский
-- французский
102 ## - СТРАНА ПУБЛИКАЦИИ ИЛИ ПРОИЗВОДСТВА
Страна публикации Российская Федерация
105 ## - ПОЛЕ КОДИРОВАННЫХ ДАННЫХ: ТЕКСТОВЫЕ МАТЕРИАЛЫ, МОНОГРАФИЧЕСКИЕ
Кодированные данные о монографическом текстовом документе ach|b|||000zy
200 1# - ЗАГЛАВИЕ И СВЕДЕНИЯ ОБ ОТВЕТСТВЕННОСТИ
Основное заглавие Александр Алексеев - мастер книги
Параллельное заглавие Alexandre Alexeieff - maitre du livre
Сведения, относящиеся к заглавию каталог-резоне
Язык параллельного заглавия французский
210 ## - ПУБЛИКАЦИЯ, РАСПРОСТРАНЕНИЕ И ДР.
Дата издания, распространения и т.д. 2016
Место издания, распространения и т.д. Б. м.
215 ## - ФИЗИЧЕСКАЯ ХАРАКТЕРИСТИКА
Специфическое обозначение материала и объем 95, [1] с.
Другие сведения о физической характеристике ил., цв. ил., портр., факс., табл.
300 ## - ОБЩИЕ ПРИМЕЧАНИЯ
Текст примечания На обл.: Александр Алексеев. Мастер книги
461 #0 - УРОВЕНЬ НАБОРА
Встроенное поле 001RU\NLR\BIBL_A\011508990
-- 2001#$aХудожник и книга$dL'artiste et le livre$eсобрание Марка Башмакова$eкниги из собраний Марка Башмакова и Государственного Эрмитажа$e[каталог выставки$fавтор вступительной статьи и составитель - Башмаков М. И., акад.]$zfre$vВып. 3
Системный номер (АБИС) связанной записи 12035130
Место публикации Санкт-Петербург
Дата публикации 2016
Первые сведения об ответственности автор вступительной статьи и составитель - Башмаков М. И., акад.]
Параллельное заглавие L'artiste et le livre
Имя издателя, распространителя и т.д. [б. и.]
Сведения, относящиеся к заглавию собрание Марка Башмакова : книги из собраний Марка Башмакова и Государственного Эрмитажа : [каталог выставки
Заглавие Художник и книга
Номер тома Вып. 3
510 1# - ПАРАЛЛЕЛЬНОЕ ЗАГЛАВИЕ
Параллельное заглавие Alexandre Alexeieff - maitre du livre
Язык заглавия французский
512 1# - ЗАГЛАВИЕ ОБЛОЖКИ
Заглавие обложки Александр Алексеев. Мастер книги
604 ## - ИМЯ И ЗАГЛАВИЕ КАК ПРЕДМЕТ
Связываемые данные 700#1$aАлексеев$bА.А.$gАлександр Александрович$f1901 - 1982
-- 5011#$aКнижные иллюстрации$xВыставки$yСанкт-Петербург, город$z2016$jКаталоги$2nlr_sh2$3RU\NLR\AUTH\6601624021
Идентификатор авторитетной/нормативной записи RU\NLR\AUTH\6601624021
Имя лица Алексеев, Александр Александрович (1901 - 1982)
Заглавие Книжные иллюстрации
Тематический подзаголовок Выставки
Географический подзаголовок Санкт-Петербург, город
Хронологический подзаголовок 2016
Формальный подзаголовок Каталоги
Системный номер авторитетной/нормативной записи 2343553
686 1# - ИНДЕКСЫ ДРУГИХ КЛАССИФИКАЦИЙ
Индекс Щ153(4Фр)6-475л62
702 #1 - ИМЯ ЛИЦА - ВТОРИЧНАЯ ОТВЕТСТВЕННОСТЬ
Код отношения Прочие
Графика поля Кириллица
Материалы, к которым относится поле rus
Начальный элемент ввода Алексеев
Часть имени, кроме начального элемента ввода А. А.
Дополнения к именам, кроме дат художник, иллюстратор
Даты 1901-1982
Расширение инициалов личного имени Александр Алексеевич
Системный номер авторитетной/нормативной записи 46111
Идентификатор авторитетной/нормативной записи RU\NLR\AUTH\7763181
942 ## - ДОПОЛНИТЕЛЬНЫЕ ЭЛЕМЕНТЫ ЗАПИСИ (АБИС)
Тип экземпляра АБИС Книга
980 ## - КОЛЛЕКЦИЯ
Название коллекции Национальная библиография
Экземпляры
Тип экземпляра Дата поступления Источник поступления Библиотека постоянного хранения Библиотека текущего хранения Место хранения Шифр хранения Штрих-код Статус экземпляра
Книга 09.06.2017 Обязательный экземпляр РНБ (Садовая) РНБ (Садовая) Фонд эстампов и фотографий (изоизданий) Э КИс134/48 1-1892404  
Книга 09.06.2017 Обязательный экземпляр РНБ (Садовая) РНБ (Садовая) Фонд эстампов и фотографий (изоизданий) Э КИс134/48 1-1892405